Visual object trackig using powell's direct set method for object localization and kalman filter for occlusion handling (Record no. 190565)
[ view plain ]
| 000 -LEADER | |
|---|---|
| fixed length control field | 00769 a2200205 4500 |
| 003 - CONTROL NUMBER IDENTIFIER | |
| control field | Nust |
| 005 - DATE AND TIME OF LATEST TRANSACTION | |
| control field | 20201112153121.0 |
| 038 ## - RECORD CONTENT LICENSOR | |
| Staff Name | saima |
| 040 ## - CATALOGING SOURCE | |
| Transcribing agency | Nust |
| 082 ## - DEWEY DECIMAL CLASSIFICATION NUMBER | |
| Classification number | 621.382 |
| 100 ## - MAIN ENTRY--PERSONAL NAME | |
| Personal name | Sarwar, Sajjad (MSEE-16) |
| 9 (RLIN) | 35230 |
| 245 ## - TITLE STATEMENT | |
| Title | Visual object trackig using powell's direct set method for object localization and kalman filter for occlusion handling |
| Statement of responsibility, etc. | Sajjad Sarwar, |
| 260 ## - PUBLICATION, DISTRIBUTION, ETC. | |
| Place of publication, distribution, etc. | Rawalpindi |
| Date of publication, distribution, etc. | 2012 |
| Name of publisher, distributor, etc. | MCS, NUST |
| 300 ## - PHYSICAL DESCRIPTION | |
| Extent | xi, 57, p; |
| 505 ## - FORMATTED CONTENTS NOTE | |
| Formatted contents note | Introduction (page-1) Literature review (page-6) Datasets (page-13) Proposed tracking algorithm (page-19) Rsults and analysis (page-32) Conclusion and future directions (page-49) |
| 538 ## - SYSTEM DETAILS NOTE | |
| System details note | Almirah No 69 Shelf No 2 |
| 650 ## - SUBJECT ADDED ENTRY--TOPICAL TERM | |
| Topical term or geographic name entry element | PG Thesis |
| 9 (RLIN) | 35000 |
| 651 ## - SUBJECT ADDED ENTRY--GEOGRAPHIC NAME | |
| Geographic name | MSEE-16 |
| 9 (RLIN) | 35231 |
| 942 ## - ADDED ENTRY ELEMENTS (KOHA) | |
| Koha item type | Thesis |
| Source of classification or shelving scheme | |
| Withdrawn status | Lost status | Source of classification or shelving scheme | Damaged status | Not for loan | Collection code | Permanent Location | Current Location | Date acquired | Total Checkouts | Full call number | Barcode | Date last seen | Price effective from | Koha item type |
|---|---|---|---|---|---|---|---|---|---|---|---|---|---|---|
| Central Library (CL) | Central Library (CL) | 11/12/2020 | 621.3 | CL-T-1177 | 11/12/2020 | 11/12/2020 | Thesis | |||||||
| Central Library (CL) | Central Library (CL) | 11/13/2020 | 621.3 | CL-T-1052 | 11/13/2020 | 11/13/2020 | Thesis | |||||||
| Military College of Signals (MCS) | Military College of Signals (MCS) | 12/12/2016 | 621.382 SAR | MCSTEE-197 | 12/08/2016 | 12/12/2016 | Book |
